| 000 | 00414nam a2200133Ia 4500 | ||
|---|---|---|---|
| 008 | 260210s9999 xx 000 0 und d | ||
| 024 | _a00A-12-BS4 & 00A-62-BS4 | ||
| 082 | _a005.304222072 ALI | ||
| 100 | _aS.A.Ali Hasnain Naqvi & Asma Khalil | ||
| 245 | 0 | _aKawish: urdu speech recognizer | |
| 260 |
_aKarachi: _bUITU, _c2000 |
||
| 600 | _aComputer Science | ||
| 650 | _aBachelor of Computer Science (BS) | ||
| 999 |
_c31745 _d31745 |
||